000 00654nam a2200229 a 4500
001 8513
003 BD-RjUL
005 20211208234613.0
008 160906s1959 nyua b 001 0 eng
035 _a(BD-RjUL)8558
040 _aDLC
_cDLC
_dDLC
_dBD-RjUL
_beng
041 _aeng
082 0 0 _a515.72
_bSAM 1959
_223
100 1 _aSaaty, Thomas L.
_920764
245 1 0 _aMathematical methods of operations research /
_cThomas L. Saaty.
260 _aNew York :
_bMcGraw-Hill,
_cc1959.
300 _a421 p. :
_billus. ;
_c24 cm.
504 _aIncludes bibliography & Index.
650 0 _aoperations Calculus
_926513
942 _2ddc
_cBK
999 _c8513
_d8513